| 000 | 00772nam a2200217 a 4500 | ||
|---|---|---|---|
| 005 | 20140412111235.0 | ||
| 008 | 010530s19uu xx 00 eng d | ||
| 020 | _a0-394-80565-8 | ||
| 050 |
_aER _bBe35Gh 1988 |
||
| 100 | _aBerenstain, Stan | ||
| 245 |
_aBerenstain Bears (The)/ : _cStan & Jan Berenstain. _band the Ghost of the forest / |
||
| 260 |
_aNew York : _bRandom House, _c1988. |
||
| 300 | _a1v. (unp.) ; ill. | ||
| 440 | _aA First Time Readers | ||
| 520 | _aPapa Bear's attempt to share a band of young campers by telling them about ghosts in the woods comes to an unexpected conclusion with a double ghost lesson. | ||
| 650 | _aGhosts-Fiction | ||
| 650 | _aCamping-Fiction | ||
| 650 | _aBears-Fiction | ||
| 650 | _aStories in rhyme | ||
| 999 |
_c102391 _d102391 |
||